Statistics for 5 Biggest Cities : Libya

Click here to take the quiz!

General Stats

  • This quiz has been taken 80 times
  • The average score is 2 of 5

Answer Stats

RankCity% Correct
1Tripoli
100%
2Benghazi
71%
3Misratah
17%
5Al Khums
10%
4Tarhuna
10%

Score Distribution

Percentile by Number Answered

Percent of People with Each Score

Your Score History

You have not taken this quiz